The Far Enemy : (Record no. 14302)
[ view plain ]
| 000 -LEADER | |
|---|---|
| fixed length control field | 01735cam a2200349 a 4500 |
| 001 - CONTROL NUMBER | |
| control field | 15527864 |
| 005 - DATE AND TIME OF LATEST TRANSACTION | |
| control field | 20090821144708.0 |
| 008 - FIXED-LENGTH DATA ELEMENTS--GENERAL INFORMATION | |
| fixed length control field | 081119s2009 enk | b 001 0 eng d |
| 010 ## - LIBRARY OF CONGRESS CONTROL NUMBER | |
| LC control number | 2008049986 |
| 015 ## - NATIONAL BIBLIOGRAPHY NUMBER | |
| National bibliography number | GBA930381 |
| Source | bnb |
| 016 7# - NATIONAL BIBLIOGRAPHIC AGENCY CONTROL NUMBER | |
| Record control number | 014937412 |
| Source | Uk |
| 020 ## - INTERNATIONAL STANDARD BOOK NUMBER | |
| International Standard Book Number | 9780521519359 (hardback) |
| 020 ## - INTERNATIONAL STANDARD BOOK NUMBER | |
| International Standard Book Number | 9780521737432 (pbk.) |
| 035 ## - SYSTEM CONTROL NUMBER | |
| System control number | (OCoLC)ocn276274650 |
| 040 ## - CATALOGING SOURCE | |
| Original cataloging agency | DLC |
| Transcribing agency | DLC |
| Modifying agency | BTCTA |
| -- | YDXCP |
| -- | UKM |
| -- | YDX |
| -- | C#P |
| -- | CDX |
| -- | BWX |
| -- | BWK |
| -- | DLC |
| 050 00 - LIBRARY OF CONGRESS CALL NUMBER | |
| Classification number | BP182 |
| Item number | .G4 2009 |
| 082 00 - DEWEY DECIMAL CLASSIFICATION NUMBER | |
| Classification number | 322.42088297 |
| Edition number | 22 |
| Item number | GER |
| 100 1# - MAIN ENTRY--PERSONAL NAME | |
| Personal name | Gerges, Fawaz A., |
| Dates associated with a name | 1958- |
| 9 (RLIN) | 15527 |
| 245 14 - TITLE STATEMENT | |
| Title | The Far Enemy : |
| Remainder of title | Why Jihad Went Global / |
| Statement of responsibility, etc | Fawaz A. Gerges. |
| 250 ## - EDITION STATEMENT | |
| Edition statement | 2nd ed. |
| 260 ## - PUBLICATION, DISTRIBUTION, ETC. (IMPRINT) | |
| Place of publication, distribution, etc | Cambridge : |
| Name of publisher, distributor, etc | Cambridge University Press, |
| Date of publication, distribution, etc | 2009. |
| 300 ## - PHYSICAL DESCRIPTION | |
| Extent | xiii, 386 p. ; |
| Dimensions | 24 cm. |
| 504 ## - BIBLIOGRAPHY, ETC. NOTE | |
| Bibliography, etc | Includes bibliographical references (p. 327-368) and index. |
| 505 0# - FORMATTED CONTENTS NOTE | |
| Formatted contents note | The road to September 11 and after -- Religious nationalists and the near enemy -- The Afghan war: sowing the seeds of transnational Jihad -- The rise of transnationalist Jihadis and the far enemy -- Splitting up of Jihadis -- The aftermath: the war within -- The Iraq war: planting the seeds of Al Qaeda's second generation? -- Beyond the far enemy. |
| 541 ## - IMMEDIATE SOURCE OF ACQUISITION NOTE | |
| Source of acquisition | Bacca ; |
| 650 #0 - SUBJECT ADDED ENTRY--TOPICAL TERM | |
| Topical term or geographic name as entry element | Jihad. |
| 9 (RLIN) | 15528 |
| 650 #0 - SUBJECT ADDED ENTRY--TOPICAL TERM | |
| Topical term or geographic name as entry element | War |
| General subdivision | Religious aspects |
| -- | Islam. |
| 9 (RLIN) | 15529 |
| 650 #0 - SUBJECT ADDED ENTRY--TOPICAL TERM | |
| Topical term or geographic name as entry element | Islam and world politics. |
| 9 (RLIN) | 15530 |
| 942 ## - ADDED ENTRY ELEMENTS (KOHA) | |
| Source of classification or shelving scheme | Dewey Decimal Classification |
| Item type | Book - Borrowing |
| Withdrawn status | Item status | Source of classification or shelving scheme | Damaged status | Not for loan | Vendor | Home library | Current library | Shelving location | Date acquired | Source of acquisition | Cost, normal purchase price | Serial Enumeration / chronology | Total Checkouts | Total Renewals | Full call number | Barcode | Date last seen | Date last borrowed | Koha item type |
|---|---|---|---|---|---|---|---|---|---|---|---|---|---|---|---|---|---|---|---|
| Dewey Decimal Classification | Baccah | Central Library | Central Library | First floor | 30/06/2010 | 150.00 | 10485 | 2 | 1 | 322.42088297 GER | 000021119 | 15/07/2025 | 05/11/2015 | Book - Borrowing |